| 000 | 00373nam a22001457a 4500 | ||
|---|---|---|---|
| 999 |
_c193665 _d193665 |
||
| 008 | 221107b ||||| |||| 00| 0 eng d | ||
| 082 | _a921-AMR | ||
| 100 | _aAMRIK ,SINGH | ||
| 245 |
_aMULK RAJ ANAND _hENGLISH |
||
| 260 |
_aNEW DELHI _bA.I.C.B _cROHINI |
||
| 270 | _aA.I.C.B ,ROHINI NEW DELHI | ||
| 300 |
_a. _b. _c12X13 |
||
| 490 | _v1-2 | ||
| 942 |
_2ddc _cBRLEN _k921 _mAMR |
||